000
00292nam a2200097Ia 4500
008
171211s9999 xx 000 0 und d
245
_a
Native American In The Land Of The Shogun: Ranald Macdonald And The Opening Of Japan
245
_c
Frederik L. Schodt
260
_c
2003
650
_x
Military
999
_c
348313
_d
348313